01253nab a22002417a 4500999001500000003000400015005001700019008004100036040000700077100003200084245014500116300001300261500003700274505020700311505013600518650002800654650005800682650003800740650002900778650003500807773015600842942001300998 c5733d5733OSt20260101190950.0190514b xxu||||| |||| 00| 0 spa d cPJ 96653aToledo, Paula Andrea 10aIntervención de abogado/a de niñas, niños y adolescentes, tutor/a especial o intervención de manera conjunta /cPaula Andrea Toledo. ap. 72-76 aCita: TR LALEY AR/DOC/3264/2024. aSumario: I. Palabras liminares.— II. El rol del Ministerio Público (MP).— III. El rol del abogado/a de niños, niñas, y adolescentes (ANNA), la tutela especial y el interés superior de NNA.  aFallo comentado: C2aCiv. y Com., La Plata, sala I ~ 02/07/2024 ~ P. H. E. c. F. D. Y. s/ protección contra la violencia familiar. 09967aDERECHO DE FAMILIA 092741aDERECHOS DE LAS NIÑAS, NIÑOS Y ADOLESCENTES 094097aINTERES SUPERIOR DEL NIÑO 094105aABOGADO DEL NIÑO 091057aJURISPRUDENCIA APLICABLE0 0284493222dBuenos Aires : AbeledoPerrot, 1989-tDerecho de familia. Revista Interdisciplinaria de doctrina y jurisprudencia. Febrero 2025-I.z18511201 2udccANA